Statistics for Most Famous People by First Name #3

Click here to take the quiz!

General Stats

  • This quiz has been taken 58 times
  • The average score is 10 of 60

Answer Stats

Answer% Correct
King
62%
von Bismarck
58%
I
54%
I
52%
I Komnenos
52%
Biden
50%
Jobs
50%
Sinatra
44%
Agassi
36%
Suárez
36%
Costner
34%
Black
28%
Hawking
28%
Hugo
28%
Nicholson
28%
Christian Andersen
24%
Clapton
22%
Tyson
22%
Chirac
20%
Mother of Jesus
20%
Neuer
20%
Planck
20%
Spacey
18%
Engels
16%
Nietzsche
16%
Cantona
14%
Lampard
12%
Irwin
10%
Pence
10%
Shelley
10%
Myers
8%
Schiller
8%
Cartier
6%
Cocker
6%
Figo
6%
Lloyd Wright
6%
Schopenhauer
6%
Rudd
4%
Wozniak
4%
Conan Doyle
2%
Gide
2%
London
2%
Schürrle
2%
Weber
2%
Abidal
0%
Bethe
0%
Boccaccio
0%
Born
0%
Christian Ørsted
0%
de Camões
0%
Domenico Cassini
0%
Francis Hess
0%
Frazier
0%
Harper
0%
Offenbach
0%
P. da Palestrina
0%
Rimbaud
0%
Stern
0%
Valls
0%
Wollstonecraft
0%

Score Distribution

Percentile by Number Answered

Percent of People with Each Score

Your Score History

You have not taken this quiz